000 00558nam a22001817a 4500
003 KOHA_MİRAKIL
005 20251209090736.0
008 251209b tu ||||| |||| 00| 0 tur d
020 _a9789759293413
040 _aTR-AnABB
_btur
_cTR-AnABB
041 _atur
082 _a338.109561
_bMED 2010
245 1 0 _aMedeniyetin Beşiği, Tarımın Öncüsü Dünü Bugünü Yarını Çumra Sempozyumu, 9-10 Mayıs 2008 /
260 _aKonya :
_bKonya Şeker Fabrikası A.Ş.
_c2010
300 _a507 sayfa ;
_c28 cm
650 0 4 _aTarım
942 _2ddc
_cBK
999 _c9714
_d9714
900 _bGizem YORULMAZ